000 00514nam a2200169 a 4500
001 0311
005 20140414131942.0
008 040909s19uu xx 00 eng d
020 _a1-86896-896-X
050 _aTR 372.5
_bLu96 1999
100 _aCarey, Sam
245 _aLucky's world of cats /
_cby Sam Carey ; illustrated by Steve Verhagen.
260 _aAustralia :
_bScholastic Australia Pty.,
_c1999.
300 _a32 p. : ill. ; cm.
650 _aCreative activities
_xJuvenile literature.
999 _c112609
_d112609